| 000 | 01117nam a22003377a 4500 | ||
|---|---|---|---|
| 005 | 20260316112255.0 | ||
| 008 | 260316b |||||||| |||| 00| 0 eng d | ||
| 020 | _a9789349015593 | ||
| 037 | _cTB | ||
| 040 |
_aLCT _cLCT |
||
| 041 |
_aeng _heng |
||
| 084 | _aZ2,4:(X:321) P1;R5 | ||
| 100 | _aSingh, Avtar | ||
| 245 | _aIntroduction to the Law of Torts and Consumer Protection | ||
| 250 | _a5th ed. | ||
| 260 |
_aGurgaon, India: _bLexisNexis (Universal), _c2025 |
||
| 300 | _alxxix, 477p. | ||
| 365 |
_b895 _cINR |
||
| 650 | _aLaw | ||
| 650 |
_aConsumer Protection _9747509 |
||
| 650 | _aTort Law | ||
| 650 |
_aNegligence _9691523 |
||
| 650 |
_aVicarious Liability _91132126 |
||
| 650 |
_aStrict and Absolute Liability _91132127 |
||
| 650 |
_aCompetition Act _9700891 |
||
| 650 |
_aConsumer Rights _9735011 |
||
| 650 |
_a E-commerce _9854539 |
||
| 700 | _aKaur, Harpreet | ||
| 942 |
_2CC _cTB _hZ2,4:(X:321) P1;R5 _n0 |
||
| 999 |
_c1715472 _d1715472 |
||